El jardín de senderos que se bifurcan / (Registro nro. 8798)

Detalles MARC
000 -LIDER
fixed length control field 00742nam a22002417a 4500
001 - NÚMERO DE CONTROL
Identificador de número de control 352703
003 - IDENTIFICACDOR DE NÚMERO DE CONTROL
control field DO-SdBNP
005 - DATE AND TIME OF LATEST TRANSACTION
control field 20180126112343.0
007 - CAMPOS FIJOS DE DESCRIPCIÓN FÍSICA
fixed length control field 352703
008 - ELEMENTOS DE LONGITUD FIJA
fixed length control field 931008s1993 sp | |||| ||spa
016 7# - NO. DE CONTROL DE LA AGENCIA BIB. NACIONAL
Source BPMSU
020 ## - ISBN
International Standard Book Number 8481300187
040 ## - FUENTE DE CATALOGACIÓN
Agencia que crea de manera original el registro BPMSU
Idioma de catalogación spa
Agencia que realiza la transcripción BPMSU
100 1# - ASIENTO PRINCIPAL -- NOMBRE PERSONAL
Nombre personal Borges, Jorge Luis
Fechas asociadas con el nombre 1899-1986
245 13 - MENCIÓN DE TITULO
Título El jardín de senderos que se bifurcan /
Mención de responsabilidad Jorge Luis Borges
260 ## - PUBLICACIÓN, DISTRIBUCIÓN, ETC. (PIE DE IMPRENTA)
Lugar de publicación, distribución, etc Barcelona :
Nombre del editor, distribuidor, etc. Primera Plana,
Fecha de publicación, distribución, etc 1993
300 ## - DESCRIPCIÓN FÍSICA
Extensión 93 p.:
Dimensiones 21 cm.
490 ## - MENCIÓN DE SERIES
Mención de serie Grandes autores. Biblioteca de literatura universal
Volume/sequential designation 19
830 ## - ASIENTO SECUNDARIO DE SERIE--TÍTULO UNIFORME
Nombre de la parte o sección de una obra Grandes autores. Biblioteca de literatura universal
Volume number/sequential designation 19
942 ## - ADDED ENTRY ELEMENTS (KOHA)
Source of classification or shelving scheme Dewey Decimal Classification
Koha item type Libros
945 ## - INFORMACIÓN DE PROCESAMIENTO LOCAL
Información de procesamiento local Inventariado, 2018 / BT
956 ## - LOCAL ELECTRONIC LOCATION AND ACCESS (OCLC)
Nombre de host VMATEO
Método de acceso 10
Materiales especificados 20151118
Enlace BPMSU
Campo enlazado y núm. de secuencia 00151
Existencias
Withdrawn status Lost status Source of classification or shelving scheme Damaged status Not for loan Collection code Home library Current library Date acquired Source of acquisition Total Checkouts Barcode Date last seen Price effective from Koha item type
    Dewey Decimal Classification     Colección Juvenil General Biblioteca Pública Metropolitana Salomé Ureña Biblioteca Pública Metropolitana Salomé Ureña 11/18/2015 FUNDI   BPMSU15110368 11/18/2015 11/18/2015 Libros